000
00262nam a2200109Ia 4500
003
GCL
008
140319s9999 xx 000 0 ara d
040
_a
GCL /
_c
GCL
082
0
4
_a
704.9481
_b
م و
245
1
0
_a
وحدة الفن الاسلامى
250
_a
الاولى
999
_c
7085
_d
7085